| 000 | 00412nam a22001697a 4500 | ||
|---|---|---|---|
| 005 | 20200520153701.0 | ||
| 008 | 200520b xxu||||| |||| 00| 0 eng d | ||
| 020 | _a978337473548 | ||
| 041 | _aeng | ||
| 082 | _a616.01 PAN | ||
| 100 |
_aPanda UN _95161 |
||
| 245 | _aMicrobiology and parasitology for Nurses | ||
| 260 |
_aDelhi _bAITBS PUBLISHERS |
||
| 300 | _a178p. | ||
| 650 |
_aPharmacy _95651 |
||
| 942 | _cBK | ||
| 999 |
_c6352 _d6350 |
||